Datum a čas kvízu
33
Celkem bodů
Celkový počet nahraných bodů na tomto kvízu bez doplňovacích otázek.
3.
Pořadí na kvízu
Konečné umístění týmu na tomto kvízu.
Zaznamenané odpovědi
| # | Otázka | Odpověď | Body | Výsledky |
|---|---|---|---|---|
| 1. | Výmoly a praskliny na královéh... | 0 | ||
| 2. | Pětačtyřicetiletý pastor, kter... | 0 | ||
| 3. | Bývalý šéf Bílého domu se nyní... | 1 | ||
| 4. | Firma Apple na své pravidelné... | 1 | ||
| 5. | Valná hromada českého hokejové... | 1 | ||
| 6. | Jak se jmenuje český autor, kt... | 0 | ||
| 7. | Ke které deskové hře odkazuje... | 1 | ||
| 8. | Ve hře Osadníci z Katanu je mo... | 1 | ||
| 9. | Ze které evropské země pochází... | 0 | ||
| 10. | Napište jméno této postavy z k... | 0 |